Studies in modern drama
Uloženo v:
| Hlavní autor: | |
|---|---|
| Médium: | Kniha |
| Jazyk: | angličtina |
| Vydáno: |
Beirut
Beirut Arab University
1971
|
| Témata: | |
| Tagy: |
Přidat tag
Žádné tagy, Buďte první, kdo vytvoří štítek k tomuto záznamu!
|
MARC
| LEADER | 00000nam a2200000 a 4500 | ||
|---|---|---|---|
| 001 | UCX5800 | ||
| 003 | CL-VaPUC | ||
| 008 | 930119e19710000LE |||||||||||||||||eng|d | ||
| 082 | 0 | 4 | |a 809.2 |b MET |2 21 |
| 100 | |a Metwally, Abdalla A. |e autor |9 322173 | ||
| 245 | 1 | 0 | |a Studies in modern drama |
| 300 | |a v | ||
| 942 | |c BK | ||
| 945 | |d 19930119 00:00:00 | ||
| 260 | |a Beirut |b Beirut Arab University |c 1971 | ||
| 650 | 7 | |a TEATRO HISTORIA Y CRITICA |2 CL-VaPUC |9 267443 | |
| 650 | 7 | |a CRITICA TEATRAL |2 CL-VaPUC |9 321641 | |
| 583 | |a last modification |c 19930119 00:00:00 |k Rodrigo Vera | ||
| 999 | |c 225973 |d 225971 | ||
| 952 | |0 0 |1 0 |4 0 |6 809_200000000000000_MET_1971 |7 0 |8 A |9 223958 |a BIBEDU |b BIBEDU |d 2019-11-15 |h v.1 |i 2927640 |o 809.2 MET 1971 |p 2927640 |r 2019-11-15 |w 2019-11-15 |y BK |k LIT | ||